00944nam a2200169 a 4500008004100000050001700041100002000058245003000078246007300108260001100181350000900192995014200201995014200343999001700485952013600502952013600638120416s9999 ||||||||||||||||| || u aHB 171.5 Har aHarvey, Charles10aMacroeconomics for Africa athe elementary theory of the working of presentday African economies a(1977) a0.00 aBINDERY (DAMAGED)D0.00e183852FCBU-MAIN LIBRARY (Kitwe)H1I0.00jHB 171.5 HarM1UDAMAGEDy183852ZMain Library Open Access Collection aBINDERY (DAMAGED)D0.00e183850FCBU-MAIN LIBRARY (Kitwe)H2I0.00jHB 171.5 HarM2UDAMAGEDy183850ZMain Library Open Access Collection c82308d82308 00102lcc4070a001b001cMain Library Open Access Collectiond2023-09-27l0oHB 171.5 Harp183852r2023-09-27t1w2023-09-27y002 00102lcc4070a001b001cMain Library Open Access Collectiond2023-09-27l0oHB 171.5 Harp183850r2023-09-27t2w2023-09-27y002